000 00906cam a2200241 4500
001 ABS61625
008 000000n1999 000 0 eng u
035 _a(Sirsi) u101738
100 _aHedley, C.
245 _aLearn by information sharing
260 _c1999
490 _aEstates Gazette
_v(9942) 23 Ocrober 1999, 123-127(4)
520 _aPresents the results of the Estates Management Staistics Project which sought to develop a format for collecting and presenting information from universities on their properties. The system allows universities to measure and track statistics over time and set targets for repairs.
590 _aABS
650 _aUNIVERSITY ESTATES
650 _aESTATES MANAGEMENT STATISTICS PROJECT
650 _aPROPERTY COSTS
650 _aPERFORMANCE ANALYSIS
650 _aSPACE
690 _aPROPERTY LAW AND PRACTICE
700 _aWhelan, J.
942 _n0
999 _c60861
_d60861